000 00542nam a2200169 i 4500
001 94873
003 ES-MaACL
007 t|
008 050517s2002 sp ||||1| spa d
100 1 _aLozano Ribas, Miguel.
_974463
245 1 0 _aGramática castellana para uso de tipógrafos /
_cMiguel Lozano Ribas; corregida y ampliada por Ramón Gallego.
250 _a2ª ed.
260 _aBarcelona :
_b[s.n.],
_c1939 (
_fImp. La Neotipia)
300 _a232 p. ;
_c23 cm.
700 1 _aGallego, Ramón.
_953542
852 _aES-MaACL
_jB-9864
_bR.19626
999 _c94873
_d94873